Alle Formel 1-Fahrer mit 10 oder mehr Rennsiegen - Statistiken

Allgemein
  • Dieses Quiz wurde 700 mal gespielt
  • Das Durchschnittsergebnis liegt bei 21 aus 35
Antwortstatistiken
Rennsiege Fahrer % Korrekt
103 Lewis Hamilton
99%
91 Michael Schumacher
99%
53 Sebastian Vettel
99%
35 Max Verstappen
95%
41 Ayrton Senna
92%
32 Fernando Alonso
90%
51 Alain Prost
86%
25 Niki Lauda
84%
23 Nico Rosberg
83%
21 Kimi Räikkönen
74%
15 Jenson Button
72%
24 Juan Manuel Fangio
72%
10 Valtteri Bottas
71%
20 Mika Häkkinen
70%
22 Damon Hill
69%
14 Graham Hill
69%
31 Nigel Mansell
62%
23 Nelson Piquet
59%
11 Felipe Massa
58%
27 Jackie Stewart
55%
10 James Hunt
55%
11 Jacques Villeneuve
54%
13 Alberto Ascari
51%
14 Emerson Fittipaldi
49%
25 Jim Clark
48%
13 David Coulthard
43%
14 Jack Brabham
42%
11 Rubens Barrichello
38%
10 Gerhard Berger
32%
10 Jody Scheckter
32%
12 Mario Andretti
31%
16 Stirling Moss
29%
12 Alan Jones
27%
12 Carlos Reutemann
15%
10 Ronnie Peterson
8%
Keine übereinstimmenden Quizze gefunden
Verteilung der Resultate
Anzahl Personen mit jedem Resultat
Perzentil nach korrekt beantworteten Fragen
Ihre Resultats-Entwicklung
Sie haben dieses Quiz noch nicht gespielt